Imágen primera de 1940 1944

Gespeichert in:
Bibliographische Detailangaben
1. Verfasser: Alberti, Rafael (autor)
Format: Buch
Sprache:Spanisch
Veröffentlicht: Buenos Aires Losada 1945
Schriftenreihe:Biblioteca Contemporánea, 168
Schlagworte:
Tags: Tag hinzufügen
Keine Tags, Fügen Sie den ersten Tag hinzu!

MARC

LEADER 00000nam a2200000 a 4500
001 UCZ8211
003 CL-VaPUC
005 20241120100006.0
008 960119e19450000AG |||||||||||||||||spa|d
999 |c 244154  |d 244152 
040 |c Pontificia Universidad Católica de Valparaíso 
082 0 4 |a 861.09  |b ALB  |2 21 
100 |a Alberti, Rafael  |e autor  |9 267868 
245 1 0 |a Imágen primera de 1940 1944 
260 |a Buenos Aires  |b Losada  |c 1945 
300 |a 160 p 
490 0 |a Biblioteca Contemporánea, 168 
583 |a last modification  |c 19960119 00:00:00  |k Rodrigo Vera 
600 0 |a García Lorca, Federico   |e autor   |9 315690 
600 0 |a Machado Ruíz, Antonio,   |d 1875-1939  |9 389743 
600 0 7 |a VILLALON, FERNANDO  |2 CL-VaPUC  |9 353420 
600 0 7 |a UNAMUNO, MIGUEL DE  |2 CL-VaPUC  |9 312478 
600 0 7 |a VALLE INCLAN, RAMON DEL  |2 CL-VaPUC  |9 315482 
600 0 7 |a RUEDA, SALVADOR  |2 CL-VaPUC  |9 353412 
600 0 7 |a HERNANDEZ, MIGUEL  |2 CL-VaPUC  |9 265382 
600 0 |a Jiménez, Juan Ramón,  |d 1881-1958  |9 858379 
650 0 |a Literatura española  |9 306261 
650 0 |a Poesía española  |9 264938 
650 0 |a Crítica e interpretación   |9 255042 
852 |a BIBCUR 
942 |c BK  |2 ddc 
945 |d 19960119 00:00:00  |a rleighto 
952 |0 0  |1 0  |4 0  |6 861_090000000000000_ALB_1945  |7 0  |8 A  |9 258125  |a BIBEDU  |b BIBEDU  |d 2019-11-19  |i 3167798  |o 861.09 ALB 1945  |p 3167798  |r 2019-11-19  |w 2019-11-19  |y BK  |k LIT